000
00340nam a2200133Ia 4500
008
230411s9999 xx 000 0 und d
041
_a
eng
082
_a
AD/610.6/BAS/B07590
100
_a
Basavanthappa BT
245
_a
Nursing Administration
260
_b
Jaypee Brothers
_a
New Delhi
_c
2002
300
_a
606p
999
_c
157694
_d
157694